Alles mit Q, X, Y, Z - Geografie - Statistiken

Allgemein
  • Dieses Quiz wurde 152 mal gespielt
  • Das Durchschnittsergebnis liegt bei 14 aus 30
Antwortstatistiken
Hint Antwort % Korrekt
Z Zypern
95%
Z Zentralafrikanische Republik
92%
Kanton der Schweiz auch mit gleichnamigem See und Stadt (Z) Zug
90%
höchster Berg Deutschlands Zugspitze
90%
Q Quito
77%
englischer Name Katars Qatar
76%
NW (X) Xanten
72%
englischer Name des Jemen Yemen
69%
Z Zagreb
63%
SN (Z) Zwickau
57%
ST Quedlinburg
55%
von den Römern gegründete Stadt im Nordosten Englands (Y) York
54%
Zweitgrößte Stadt Japans, gehört zum Ballungsgebiet von Tokio (Y) Yokohama
51%
See in der Schweiz bei gleichnamiger Stadt (Z) Zürichsee
50%
Fluss in Kanada, Quellgebiet in British Columbia (Y) Yukon River
41%
Y Yamoussoukro
39%
Y Yaren
35%
Fluss im nördlichen Mittelwesten der USA, Quellgebiet in den Rocky Mountains (Y) Yellowstone River
32%
RP Zweibrücken
32%
Stadt in Belgien, bekannt durch die Schlachten im ersten Weltkrieg (Y) Ypern
31%
mexikanischer Bundesstaat mit schönen Stränden und Mayaruinen (Y) Yucatán
31%
SN Zittau
23%
Y Yaunde
22%
NI (Q) Quakenbrück
20%
ST Querfurt
20%
SH Quickborn
20%
Chinesische Hafenstadt, bekannt für ihre Brauerei, die von Deutschengegründet wurde und ein internationales Bierfest (Q) Qingdao
17%
Gebirge in Sachsen an der Grenze zu Tschechien Zittauer Gebirge
8%
größter See Chinas und einer der größten Salzseen der Welt (Q) Qinghai-See
4%
Grenzgipfel zwischen der Schweiz und Italien in den Walliser Alpen4563 m Zumsteinspitze
1%
Keine übereinstimmenden Quizze gefunden
Verteilung der Resultate
Anzahl Personen mit jedem Resultat
Perzentil nach korrekt beantworteten Fragen
Ihre Resultats-Entwicklung
Sie haben dieses Quiz noch nicht gespielt